Въведение в гражданското право (Запис номер 26094)
[ съкратено ]
| 000 -Лидер | |
|---|---|
| Контролно поле с фиксирана дължина | 01063nam a2200337 c 4500 |
| 003 - Код на организацията, давaща контролен номер | |
| Контролно поле | BLK |
| 005 - Дата и час на последна редакция | |
| Контролно поле | 20190513103338.0 |
| 008 - Елементи от данни с фиксирана дължина | |
| fixed length control field | 180413b bul|||||r ||||||| ||bul|| |
| 010 ## - Наследен системен номер | |
| LC control number | KNG00028642000 |
| 020 ## - Международен стандартен номер на книга ISBN | |
| Международен стандартен номер на книга ISBN | 954-607-228-1 |
| -- | издат.: Лик |
| 040 ## - Източник на каталожния запис | |
| Идентификатор на билиотеката - собственик на записа | BLK |
| 041 ## - Код за език | |
| Код за езика на текст/звукозапис или на отделно заглавие | Български |
| Код за езика КДБФ | Български |
| 080 ## - УДК | |
| Текстов определител УДК | Гражданско право |
| УДК код - определител по УДК | 347 |
| УДК определител | |
| УДК - код + определител | 347 |
| 100 1# - Редна дума - Автор | |
| Автор | Карбоние, Жан |
| Авторска отговорност | първи автор |
| R(LIN) | 77012 |
| 139 ## - Редно поле | |
| Редна дума | Карбоние, Жан |
| Авторски знак | Кара - К 28 |
| 245 10 - Сведения за заглавието | |
| Заглавие | Въведение в гражданското право |
| Редно поле (дума) | Жан Карбоние. |
| 257 ## - Страна на издаване | |
| Страна на създаване/издаване | България |
| 260 ## - Област на издателските данни | |
| -- | София |
| Име на издателя, разпространителя и проч. | Лик |
| Година на издаване | 1999 |
| 300 ## - Физическа характеристика | |
| Страници | 392 с. |
| Размери/Мащаб | 20 см |
| 380 ## - Жанр | |
| Жанр | Обществени науки |
| 490 1# - СЕРИИ (Колекции) | |
| Име на серия | Библ. Пандекти |
| 500 ## - Общи забележки | |
| Забележка | Деп. списък: дарение |
| 650 #4 - Допълнително описание по предмет – тема | |
| Основно описание – тема или топоним | Гражданско право |
| 9 (RLIN) | 266243 |
| 650 #4 - Допълнително описание по предмет – тема | |
| Основно описание – тема или топоним | Гражданско право - Франция |
| 9 (RLIN) | 268548 |
| 653 ## - Ключова дума – ненормативна | |
| Ключова дума | право |
| 852 ## - Местоположение | |
| Форматна сигнатура | Цб 201329 |
| 856 4# - Електронен адрес и достъп | |
| Електронен формат | pdf - файл |
| Път до файла /url/ | |
| 856 4# - Електронен адрес и достъп | |
| Електронен формат | pdf - файл |
| Път до файла /url/ | |
| 942 ## - АРТИКУЛИ | |
| Вид на библиотечния материал | Книги |
| Скрит в OPAC | Не |
| Koha issues (borrowed), all copies | 1 |
| 944 ## - СЪЗДАВАНЕ И РЕДАКЦИЯ на ЗАПИСА | |
| Създаване/Редакция | Създаване |
| Дата на регистрацията/редакция | 15.01.2003 |
| Служител, извършил регистрацията/редакцията | Кети_Илиева |
| 944 ## - СЪЗДАВАНЕ И РЕДАКЦИЯ на ЗАПИСА | |
| Създаване/Редакция | Редакция |
| Дата на регистрацията/редакция | 16.06.2006 |
| Служител, извършил регистрацията/редакцията | |
| 999 ## - СИСТЕМНИ КОНТРОЛНИ НОМЕРА | |
| Koha biblionumber | 26094 |
| Koha biblioitemnumber | 26094 |
| Код за отписване | Код за изгубен артикул | Източник на класификационната схема | Код за повреда | Коз за рестрикции | Код за отдаване | Артикулен № | Име на библиотеката - собственик | Име на библиотеката, в която се намира в момента | Статус (Текущо местоположение) | Дата на вписване в системата | Местоположение - отдел | Цена в лева | Инвентарен номер | Систематично азбучна сигнатура | Баркод | Номер на екземпляра | Цена в евро | Служебен тип на артикула | Служебна бележка |
|---|---|---|---|---|---|---|---|---|---|---|---|---|---|---|---|---|---|---|---|
| Не е изгубен | Universal Decimal Classification | Не е повреден | без рестрикции | ползва се в читалня | 42505 | Регионална библиотека "Любен Каравелов" Русе | Регионална библиотека "Любен Каравелов" Русе | Хранилище | 2001-01-01 | Хранилище | 0.01 | 649708 | Цб 201329 | 120000649708 | 1 | 0.01 | Книги | ||
| Изтеглен | Не е изгубен | Universal Decimal Classification | Не е повреден | без рестрикции | заемане за дома | 42506 | Регионална библиотека "Любен Каравелов" Русе | Регионална библиотека "Любен Каравелов" Русе | Заемна - подръчен фонд | 2001-01-01 | Заемна - подръчен фонд | 9.00 | 650430 | П 347/К 28 | 650430 | 2 | 4.60 | Книги | Дата инв: 05.02.2018 Бележки инв: П2018 |
| Не е изгубен | Universal Decimal Classification | Не е повреден | без рестрикции | ползва се в читалня | 42507 | Регионална библиотека "Любен Каравелов" Русе | Регионална библиотека "Любен Каравелов" Русе | Читалня | 2001-01-01 | Читалня | 6.30 | 663963 | Ч 347/К 28 | 120000663963 | 3 | 3.22 | Книги | Дата инв: 14.03.2017 Бележки инв: Ч2017 |